[Event "North American-ch U10"]
[Site "Montreal"]
[Date "2010.08.16"]
[Round "2"]
[White "Saine, Zachary"]
[Black "Lachance, Pierre Alexis"]
[Result "1-0"]
[WhiteElo "1120"]
[BlackElo "891"]
[PlyCount "107"]
[EventDate "2010.08.16"]
[EventType "swiss"]
[EventRounds "7"]
[EventCountry "CAN"]
[SourceTitle "EXT 2013"]
[Source "ChessBase"]
[SourceDate "2012.11.22"]
[SourceVersion "1"]
[SourceVersionDate "2012.11.22"]
[SourceQuality "1"]

1. e4 e5 2. Nf3 Nc6 3. Bc4 Nf6 4. Ng5 d5 5. exd5 Nxd5 6. Qf3 Qxg5 7. Bxd5 Qe7 8. Bxc6+ Bd7 9. Bxb7 Rd8 10. 0-0 Qe6 11. Bd5 Qf5 12. Qxf5 Bxf5 13. Nc3 Bxc2 14. Bc6+ Ke7 15. Re1 Rd6 16. Rxe5+ Kf6 17. Rc5 Re6 18. h3 Bxc5 19. Nd5+ Ke5 20. d4+ Bxd4 21. Bf4+ Ke4 22. Re1+ Kf5 23. g4+ Kg6 24. Rxe6+ fxe6 25. Nxc7 Bb6 26. Nxe6 Rc8 27. Bd5 Ba4 28. Bg3 Rc1+ 29. Kg2 Rd1 30. Nf4+ Kf6 31. Nh5+ Ke7 32. Bf3 Rd2 33. b3 g6 34. Bh4+ Kf7 35. Nf6 Kg7 36. bxa4 Bd8 37. Ne8+ Kf7 38. Bxd8 Rxd8 39. Nc7 Rc8 40. Nb5 a6 41. Nd6+ Ke7 42. Nxc8+ Kf7 43. a5 g5 44. Bb7 h5 45. Bxa6 h4 46. Bc4+ Ke8 47. a6 Kd7 48. a7 Kxc8 49. a8Q+ Kc7 50. Qd5 Kb6 51. Qxg5 Ka7 52. Qb5 Ka8 53. Bd5+ Ka7 54. Qb7# 1-0